A fast-transient capacitorless LDO with dual paths active-frequency compensation scheme / (Record no. 19804)
[ view plain ]
| 000 -LEADER | |
|---|---|
| fixed length control field | 01139nam a22002657a 4500 |
| 003 - CONTROL NUMBER IDENTIFIER | |
| control field | OSt |
| 005 - DATE AND TIME OF LATEST TRANSACTION | |
| control field | 20250916161235.0 |
| 008 - FIXED-LENGTH DATA ELEMENTS--GENERAL INFORMATION | |
| fixed length control field | 240322b ||||| |||| 00| 0 eng d |
| 040 ## - CATALOGING SOURCE | |
| Transcribing agency | 0 |
| 082 ## - DEWEY DECIMAL CLASSIFICATION NUMBER | |
| Classification number | DPer 621.381 In821 September 2022 v. 37 n. 9 |
| 100 ## - MAIN ENTRY--PERSONAL NAME | |
| Personal name | Ming, Xin. |
| Relator term | author. |
| 9 (RLIN) | 55191 |
| 245 ## - TITLE STATEMENT | |
| Title | A fast-transient capacitorless LDO with dual paths active-frequency compensation scheme / |
| Statement of responsibility, etc. | Xin Ming, Jian-Jun Kuang, Xin-ce Gong, Zhiyi Lin, Jin Xiong, Yao Qin, Zhuo Wang, and Bo Zhang. |
| 260 ## - PUBLICATION, DISTRIBUTION, ETC. (IMPRINT) | |
| Place of publication, distribution, etc. | New York ; |
| Name of publisher, distributor, etc. | The Institute of Electrical and Electronics Engineers, Inc. , |
| Date of publication, distribution, etc. | September 2022. |
| 300 ## - PHYSICAL DESCRIPTION | |
| Extent | Volume 37, pages 10332-10347 : |
| Other physical details | illustration ; |
| Dimensions | 28 cm. |
| 500 ## - GENERAL NOTE | |
| General note | IEEE Transitions on Power Electronics, v. 37 n. 9, pages 10332-10347, September 2022. |
| 700 ## - ADDED ENTRY--PERSONAL NAME | |
| Personal name | Ming, Xin. |
| Relator term | author. |
| 9 (RLIN) | 55191 |
| 700 ## - ADDED ENTRY--PERSONAL NAME | |
| Personal name | Kuang, Jian-Jun. |
| Relator term | author. |
| 9 (RLIN) | 55192 |
| 700 ## - ADDED ENTRY--PERSONAL NAME | |
| Personal name | Gong, Xin-ce. |
| Relator term | author. |
| 9 (RLIN) | 55193 |
| 700 ## - ADDED ENTRY--PERSONAL NAME | |
| Personal name | Lin, Zhiyi. |
| Relator term | author. |
| 9 (RLIN) | 55194 |
| 700 ## - ADDED ENTRY--PERSONAL NAME | |
| Personal name | Xiong, Jin. |
| Relator term | author. |
| 9 (RLIN) | 55195 |
| 700 ## - ADDED ENTRY--PERSONAL NAME | |
| Personal name | Qin, Yao. |
| Relator term | author. |
| 9 (RLIN) | 55196 |
| 700 ## - ADDED ENTRY--PERSONAL NAME | |
| Personal name | Wang, Zhuo. |
| Relator term | author. |
| 9 (RLIN) | 55197 |
| 700 ## - ADDED ENTRY--PERSONAL NAME | |
| Personal name | Zhang, Bo. |
| Relator term | author. |
| 9 (RLIN) | 55198 |
| 942 ## - ADDED ENTRY ELEMENTS (KOHA) | |
| Source of classification or shelving scheme | Dewey Decimal Classification |
| Koha item type | Periodicals |
| Withdrawn status | Lost status | Source of classification or shelving scheme | Damaged status | Not for loan | Collection code | Home library | Current library | Date acquired | Total Checkouts | Full call number | Date last seen | Price effective from | Koha item type | Public note |
|---|---|---|---|---|---|---|---|---|---|---|---|---|---|---|
| Dewey Decimal Classification | Periodicals | UM Digos College - LIC | UM Digos College - LIC | 03/22/2024 | DPer 621.381 In821 September 2022 v. 37 n. 9 | 03/22/2024 | 03/22/2024 | Periodicals | Periodical Article |
